| 000 | 00754cam a22002533a 4500 | ||
|---|---|---|---|
| 001 | 5780 | ||
| 003 | PGUSA | ||
| 005 | 20140828083124.0 | ||
| 008 | 040501s2004||||xxu|||||s|||||000 1 eng d | ||
| 040 |
_aPGUSA _beng |
||
| 042 | _adc | ||
| 050 | 4 | _aPZ | |
| 100 | 1 |
_aStratemeyer, Edward, _d1862-1930 |
|
| 245 | 1 | 4 |
_aThe Rover Boys at School; Or, The Cadets of Putnam Hall _h[electronic resource] / _cEdward Stratemeyer |
| 260 |
_bProject Gutenberg, _c2004 |
||
| 506 | _aPublic domain in the USA. | ||
| 516 | _aElectronic text | ||
| 653 | _aAdventure stories | ||
| 653 | _aSchools -- Juvenile fiction | ||
| 653 | _aBrothers -- Juvenile fiction | ||
| 830 | 0 |
_aProject Gutenberg _v5780 |
|
| 856 | 4 | 0 | _uhttp://www.gutenberg.org/ebooks/5780 |
| 942 | _cEB | ||
| 999 |
_c235108 _d235108 |
||